Library Banner

Taking action : (Record no. 104000)

MARC details
000 -LEADER
fixed length control field 00663cam a22002054a 4500
001 - CONTROL NUMBER
control field 12876919
005 - DATE AND TIME OF LATEST TRANSACTION
control field 20180324114110.0
008 - FIXED-LENGTH DATA ELEMENTS--GENERAL INFORMATION
fixed length control field 020731s2003 mauaf b 001 0 eng
020 ## - INTERNATIONAL STANDARD BOOK NUMBER
International Standard Book Number 0262100975 (hc.)
040 ## - CATALOGING SOURCE
Transcribing agency PK-LaUMT
082 00 - DEWEY DECIMAL CLASSIFICATION NUMBER
Classification number 153
Edition number 21
Item number TAK-
245 00 - TITLE STATEMENT
Title Taking action :
Remainder of title cognitive neuroscience perspectives on intentional acts /
Statement of responsibility, etc edited by Scott H. Johnson-Frey
260 ## - PUBLICATION, DISTRIBUTION, ETC. (IMPRINT)
Place of publication, distribution, etc Cambridge, Mass. :
Name of publisher, distributor, etc MIT Press,
Date of publication, distribution, etc 2003
300 ## - PHYSICAL DESCRIPTION
Extent viii, 413 p., [12] p. of plates :
Other physical details ill. (some col.) ;
Dimensions 24 cm.
500 ## - GENERAL NOTE
General note "A Bradford book."
650 #0 - SUBJECT ADDED ENTRY--TOPICAL TERM
Topical term or geographic name as entry element Cognitive neuroscience.
650 #0 - SUBJECT ADDED ENTRY--TOPICAL TERM
Topical term or geographic name as entry element Intention.
700 1# - ADDED ENTRY--PERSONAL NAME
Personal name Johnson-Frey, Scott H.
942 ## - ADDED ENTRY ELEMENTS (KOHA)
Koha item type Books
Holdings
Withdrawn status Lost status Damaged status Home library Current library Date acquired Full call number Barcode Date last seen Price effective from Koha item type
      UMT Main Campus UMT Main Campus 2018-03-24 153 TAK- 120305 2024-01-23 2018-03-24 Books